00437nam a2200109Ia 4500008004100000050002200041100002100063245011200084260008600196300003300282521001200315140724s9999 xx 000 0 und d aRT 75b.On58 2010 aOng, Lani Rae B. 2aA comparative study on uniform preference for female nurses at urban tertiary hospitals /cLani Rae B. Ong. aLas Piñas, Philippines :bSouthville International School and Colleges,cc2010. a58 p. :bcol. Ill. ;c28 cm. aNursing